|
|
|
|
| LEADER |
01536nam a2200397Ia 4500 |
| 001 |
EBC3412457 |
| 003 |
MiAaPQ |
| 005 |
20200520144314.0 |
| 006 |
m o d | |
| 007 |
cr cn||||||||| |
| 008 |
941123s1985 bccaf sbs 000 0 eng d |
| 020 |
|
|
|z 0774802359
|
| 020 |
|
|
|z 9780774802352
|
| 020 |
|
|
|z 9780774857147
|
| 035 |
|
|
|a (MiAaPQ)EBC3412457
|
| 035 |
|
|
|a (Au-PeEL)EBL3412457
|
| 035 |
|
|
|a (CaPaEBR)ebr10221829
|
| 035 |
|
|
|a (CaONFJC)MIL322644
|
| 035 |
|
|
|a (OCoLC)923444822
|
| 040 |
|
|
|a MiAaPQ
|c MiAaPQ
|d MiAaPQ
|
| 050 |
|
4 |
|a HD7287.96.D44
|b O24 1985
|
| 100 |
1 |
|
|a Oberlander, H. Peter,
|d 1922-2008.
|
| 245 |
1 |
0 |
|a Land, the central human settlement issue
|h [electronic resource] /
|c H. Peter Oberlander.
|
| 260 |
|
|
|a Vancouver :
|b University of British Columbia Press,
|c 1985.
|
| 300 |
|
|
|a x, 103 p., [4] p. of plates :
|b ill.
|
| 490 |
1 |
|
|a Human settlement issues ;
|v 7
|
| 504 |
|
|
|a Includes bibliography: p. [93]-101.
|
| 533 |
|
|
|a Electronic reproduction. Ann Arbor, MI : ProQuest, 2015. Available via World Wide Web. Access may be limited to ProQuest affiliated libraries.
|
| 650 |
|
0 |
|a Urban poor
|x Housing
|z Developing countries.
|
| 650 |
|
0 |
|a Squatter settlements
|z Developing countries.
|
| 650 |
|
0 |
|a Human settlements
|z Developing countries.
|
| 650 |
|
0 |
|a Land use, Urban
|z Developing countries.
|
| 655 |
|
4 |
|a Electronic books.
|
| 710 |
2 |
|
|a ProQuest (Firm)
|
| 830 |
|
0 |
|a Human settlement issues ;
|v 7.
|
| 856 |
4 |
0 |
|u https://ebookcentral.proquest.com/lib/matrademy/detail.action?docID=3412457
|z Click to View
|